|
|
|
|
| LEADER |
00000nam0a2200000 4500 |
| 001 |
136881 |
| 005 |
20231031140820.0 |
| 010 |
|
|
|a 9785911316129
|
| 035 |
|
|
|a (RuTPU)RU\TPU\book\148363
|
| 035 |
|
|
|a RU\TPU\book\113183
|
| 090 |
|
|
|a 136881
|
| 100 |
|
|
|a 20061110d2008 m y0rusy50 ca
|
| 101 |
0 |
|
|a rus
|
| 102 |
|
|
|a RU
|
| 105 |
|
|
|a y j 001zy
|
| 200 |
1 |
|
|a Профессионализм в социальной работе
|e учебное пособие
|f Е. И. Холостова
|
| 205 |
|
|
|a 2-е изд.
|
| 210 |
|
|
|a Москва
|c Дашков и К
|d 2008
|
| 215 |
|
|
|a 234 с.
|
| 225 |
1 |
|
|a Золотой фонд учебной литературы
|
| 320 |
|
|
|a Библиогр.: с. 176-178.
|
| 333 |
|
|
|a Исключено из фонда НТБ ТПУ
|
| 451 |
|
1 |
|0 (RuTPU)RU\TPU\book\113183
|y 5-91131-062-7
|t Профессионализм в социальной работе
|o учебное пособие
|f Е. И. Холостова
|c М.
|n Дашков и К
|d 2007
|p 234 с.
|s Золотой фонд учебной литературы
|a Холостова, Евдокия Ивановна
|
| 686 |
|
|
|a У9(2)272я73
|v LBC/SL-A
|2 rubbk
|
| 700 |
|
1 |
|a Холостова
|b Е. И.
|g Евдокия Ивановна
|
| 801 |
|
1 |
|a RU
|b 63413507
|c 20080429
|g PSBO
|
| 801 |
|
2 |
|a RU
|b 63413507
|c 20211020
|g PSBO
|
| 942 |
|
|
|c BK
|
| 959 |
|
|
|a 47/20080428
|d 1
|e 88,00
|f ЧЗГЛ:1
|
| 959 |
|
|
|a 112/20081124
|d 1
|e 88,00
|f АНЛ:1
|